The science of right in Leibniz's moral and political philosophy /

Guardat en:
Dades bibliogràfiques
Autor principal: Johns, Christopher, 1960- (Autor)
Format: Llibre
Idioma:anglès
Publicat: London ; New York : Bloomsbury, 2013.
Col·lecció:Bloomsbury studies in philosophy
Matèries:
Etiquetes: Afegir etiqueta
Sense etiquetes, Sigues el primer a etiquetar aquest registre!

MARC

LEADER 00000cam a2200000 i 4500
001 17758841
003 CL-VaPUC
005 20220822114739.0
008 130531s2013 enka b 001 0 eng
999 |c 437705  |d 437703 
010 |a  2013014528 
020 |a 9781780936734 (hardcover) 
020 |z 9781780937663 (ebook (epub)) 
020 |z 9781780935409 (ebook (pdf)) 
040 |a DLC  |b eng  |c Pontificia Universidad Católica de Valparaíso  |e rda  |d DLC 
042 |a pcc 
050 0 0 |a B2598  |b .J55 2013 
082 0 0 |a 193 JOH 2013  |2 23 
100 1 |a Johns, Christopher,  |d 1960-  |9 874240  |e author 
245 1 4 |a The science of right in Leibniz's moral and political philosophy /  |c Christopher Johns. 
264 1 |a London ;  |a New York :  |b Bloomsbury,  |c 2013. 
300 |a xii, 193 pages :  |b illustrations ;  |c 25 cm. 
336 |a text  |2 rdacontent 
337 |a unmediated  |2 rdamedia 
338 |a volume  |2 rdacarrier 
490 0 |a Bloomsbury studies in philosophy 
500 |a c.1 Donación Familia Prof. Alejandro Guzmán Brito. 
504 |a Includes bibliographical references (pages 185-190) and index. 
583 |c 20220728  |k Cristina María Rojas Aguilar 
600 1 0 |a Leibniz, Gottfried Wilhelm,  |c Freiherr von,  |d 1646-1716.  |9 870838 
650 0 |a Duty.  |9 874241 
650 0 |a Deber  |9 317590 
650 0 |a Responsibility.  |9 874242 
650 0 |a Responsabilidad  |9 308399 
650 0 |a Ethics.  |9 874243 
650 0 |a Etica  |9 255099 
650 0 |a Political science  |x Philosophy.  |9 874244 
650 0 |a Ciencia política   |x Filosofía   |9 869342 
906 |a 7  |b cbc  |c orignew  |d 1  |e ecip  |f 20  |g y-gencatlg 
942 |2 ddc  |c BK  |n 0 
955 |b rc01 2013-05-31  |c rc01 2013-05-31 email to pub/2013-06-04 to subj.  |a xn12 2015-06-22 1 copy rec'd., to CIP ver.  |a rk16 2015 07 16 Bk rec'd 
952 |0 0  |1 0  |2 ddc  |4 0  |6 193_000000000000000_JOH_2013  |7 1  |8 C_AGB  |9 585495  |a BIBDER  |b BIBDER  |d 2022-07-28  |e Donación   |i 5653498  |o 193 JOH 2013  |p 5653498  |r 2023-01-25  |t 1  |w 2022-07-28  |y BK_US  |k AGB